<?xml version="1.0" encoding="UTF-8"?>
<record
    xmlns:xsi="http://www.w3.org/2001/XMLSchema-instance"
    xsi:schemaLocation="http://www.loc.gov/MARC21/slim http://www.loc.gov/standards/marcxml/schema/MARC21slim.xsd"
    xmlns="http://www.loc.gov/MARC21/slim">

  <leader>00797nam a22002177a 4500</leader>
  <controlfield tag="003">LK-CoMWRAF</controlfield>
  <controlfield tag="005">20240115124933.0</controlfield>
  <controlfield tag="008">240115b1995    |||||||| |||| 00| 0 eng d</controlfield>
  <datafield tag="040" ind1=" " ind2=" ">
    <subfield code="a">LK-CoMWRAF</subfield>
    <subfield code="d">LK-CoMWRAF</subfield>
    <subfield code="e">LK-CoMWRAF</subfield>
  </datafield>
  <datafield tag="041" ind1=" " ind2=" ">
    <subfield code="a">tam</subfield>
  </datafield>
  <datafield tag="082" ind1=" " ind2=" ">
    <subfield code="b">WET</subfield>
  </datafield>
  <datafield tag="100" ind1=" " ind2=" ">
    <subfield code="a">&#xBB5;&#xBC6;&#xBA4;&#xBCD;&#xBA4;&#xB9A;&#xBBF;&#xB99;&#xBCD;&#xBB9;, &#xB9A;&#xBBF;&#xBAA;&#xBBF;&#xBB2;&#xBCD;</subfield>
    <subfield code="v">Weththasinghe, Sybil</subfield>
  </datafield>
  <datafield tag="245" ind1=" " ind2=" ">
    <subfield code="a">&#xB89;&#xBAA;&#xBB5;&#xBBE;&#xB9A;&#xBAE;&#xBCD;</subfield>
  </datafield>
  <datafield tag="246" ind1=" " ind2=" ">
    <subfield code="a">Upawasam</subfield>
  </datafield>
  <datafield tag="260" ind1=" " ind2=" ">
    <subfield code="a">Colombo:</subfield>
    <subfield code="b">Marga,</subfield>
    <subfield code="c">1995</subfield>
  </datafield>
  <datafield tag="300" ind1=" " ind2=" ">
    <subfield code="a">10 unnumbered p.</subfield>
  </datafield>
  <datafield tag="700" ind1=" " ind2=" ">
    <subfield code="a">&#xBB5;&#xBC6;&#xBA4;&#xBCD;&#xBA4;&#xB9A;&#xBBF;&#xB99;&#xBCD;&#xBB9;, &#xB9A;&#xBBF;&#xBAA;&#xBBF;&#xBB2;&#xBCD;</subfield>
    <subfield code="y">Weththasinghe, Sybil</subfield>
    <subfield code="e">ills.</subfield>
  </datafield>
  <datafield tag="700" ind1=" " ind2=" ">
    <subfield code="a">&#xB9C;&#xBAF;&#xB9A;&#xBC2;&#xBB0;&#xBBF;&#xBAF;&#xBBE;, &#xBAA;&#xBBF;&#xBAF;&#xBBE;&#xBB5;&#xBA4;&#xBBF;</subfield>
    <subfield code="y">Jayasooriya, Piyawathi</subfield>
    <subfield code="e">ed.</subfield>
  </datafield>
  <datafield tag="700" ind1=" " ind2=" ">
    <subfield code="a">&#xB85;&#xBB0;&#xBC1;&#xBA3;&#xBBE;&#xB9A;&#xBB2;&#xBAE;&#xBCD;, &#xB9A;&#xBB0;&#xBCB;&#xB9C;&#xBBF;&#xBA9;&#xBBF; &#xBA4;&#xBC7;&#xBB5;&#xBBF;</subfield>
    <subfield code="y">Arunachalam, Sarojini Devi</subfield>
    <subfield code="e">trans.</subfield>
  </datafield>
  <datafield tag="942" ind1=" " ind2=" ">
    <subfield code="c">BK</subfield>
  </datafield>
  <datafield tag="952" ind1=" " ind2=" ">
    <subfield code="0">0</subfield>
    <subfield code="1">0</subfield>
    <subfield code="4">0</subfield>
    <subfield code="7">0</subfield>
    <subfield code="a">MAIN</subfield>
    <subfield code="b">MAIN</subfield>
    <subfield code="d">2024-01-15</subfield>
    <subfield code="l">0</subfield>
    <subfield code="o">WET</subfield>
    <subfield code="p">RAF4743</subfield>
    <subfield code="r">2024-01-15</subfield>
    <subfield code="w">2024-01-15</subfield>
    <subfield code="y">BK</subfield>
  </datafield>
  <datafield tag="999" ind1=" " ind2=" ">
    <subfield code="c">4625</subfield>
    <subfield code="d">4625</subfield>
  </datafield>
</record>
